000 00571nam a2200241 a 4500
001 nice12345678
003 IN_TiNIC
005 20260116012010.0
008 050524s1905 luca grp 000 0 urd
020 _a
_c100
082 0 0 _a160
_bKHA
100 _aKhan S M, Raza Hussain
245 _aAl-Kalam-Al-Falsafate-Islam
260 _aLucknow
_bNami Press
_c1905
300 _a160p
500 _aincludes index and biblioraphy
505 2 _a8 tracts
650 _aLogic
700 1 _aKhan S M, Raza Hussain
902 _bRBA
942 _cBK
999 _c5219
_d5219